[Event "Madrid-chT 2223"]
[Site "Madrid"]
[Date "2023.01.22"]
[Round "6.4"]
[White "Yanes Crespo, Javier"]
[Black "Martin Duque, Jesus"]
[Result "0-1"]
[WhiteElo "1972"]
[BlackElo "2385"]
[PlyCount "54"]
[EventDate "2022.11.20"]
[EventType "team-tourn"]
[EventRounds "14"]
[EventCountry "ESP"]
[SourceTitle "Ajedrez en Madrid"]
[Source "lmi"]
[SourceDate "2022.11.21"]
[SourceVersion "1"]
[SourceVersionDate "2023.03.23"]
[SourceQuality "1"]
[WhiteTeam "Virgen de Atocha"]
[BlackTeam "Collado Villalba"]
[WhiteTeamCountry "ESP"]
[BlackTeamCountry "ESP"]

1. e4 c5 2. c3 Nf6 3. e5 Nd5 4. d4 cxd4 5. cxd4 e6 6. Nf3 b6 7. Bc4 Bb7 8. O-O
Be7 9. Qe2 O-O 10. Nc3 Nxc3 11. bxc3 d6 12. Rd1 Qc7 13. Bf4 Bxf3 14. Qxf3 Nd7
15. exd6 Bxd6 16. Bxd6 Qxd6 17. Rac1 Rac8 18. Bb3 Rfd8 19. h3 Nf6 20. c4 Qb4
21. Qc3 Qa3 22. Rc2 b5 23. Qd3 b4 24. Re2 a5 25. Qc2 Nd5 26. Re3 Nxe3 27. fxe3
a4 0-1

[Event "Madrid-chT 2223"]
[Site "Madrid"]
[Date "2023.01.22"]
[Round "6.5"]
[White "Suarez Uriel, Adrian"]
[Black "Recuenco Andres, Javier"]
[Result "1-0"]
[WhiteElo "2365"]
[BlackElo "1937"]
[PlyCount "63"]
[EventDate "2022.11.20"]
[EventType "team-tourn"]
[EventRounds "14"]
[EventCountry "ESP"]
[SourceTitle "Ajedrez en Madrid"]
[Source "lmi"]
[SourceDate "2022.11.21"]
[SourceVersion "1"]
[SourceVersionDate "2023.03.23"]
[SourceQuality "1"]
[WhiteTeam "Collado Villalba"]
[BlackTeam "Virgen de Atocha"]
[WhiteTeamCountry "ESP"]
[BlackTeamCountry "ESP"]

1. e4 e6 2. d4 d5 3. Nc3 Nf6 4. Bg5 Be7 5. e5 Nfd7 6. h4 a6 7. Qg4 Bxg5 8. hxg5
Qe7 9. g6 f5 10. exf6 Nxf6 11. Qg3 h6 12. O-O-O Qd6 13. Qh4 Nc6 14. f4 Bd7 15.
Nf3 O-O-O 16. Ne5 Be8 17. Qe1 Nd7 18. Rh3 Ndxe5 19. dxe5 Qb4 20. Rh4 d4 21. Ne4
Bxg6 22. Rg4 Bh5 23. Rxg7 Bxd1 24. Qxd1 h5 25. Rg6 Qf8 26. Rf6 Qg7 27. Rxe6 d3
28. Rxc6 d2+ 29. Nxd2 bxc6 30. Bxa6+ Kb8 31. Qf3 Qd7 32. Qb3+ 1-0

[Event "Madrid-chT 2223"]
[Site "Madrid"]
[Date "2023.01.22"]
[Round "6.2"]
[White "Valles Moreno, Ivan"]
[Black "Perez Gonzalez, Jose Manuel"]
[Result "1/2-1/2"]
[WhiteElo "2344"]
[BlackElo "2198"]
[PlyCount "134"]
[EventDate "2022.11.20"]
[EventType "team-tourn"]
[EventRounds "14"]
[EventCountry "ESP"]
[SourceTitle "Ajedrez en Madrid"]
[Source "lmi"]
[SourceDate "2022.11.21"]
[SourceVersion "1"]
[SourceVersionDate "2023.03.23"]
[SourceQuality "1"]
[WhiteTeam "Villalba 64"]
[BlackTeam "San Fernando de Henares"]
[WhiteTeamCountry "ESP"]
[BlackTeamCountry "ESP"]

1. e4 d6 2. Nc3 Nf6 3. d4 g6 4. Nf3 Bg7 5. Be3 a6 6. a4 b6 7. Bc4 O-O 8. O-O
Bb7 9. d5 c6 10. Re1 b5 11. dxc6 Bxc6 12. axb5 axb5 13. Rxa8 Bxa8 14. Bxb5 Nxe4
15. Nxe4 Bxe4 16. Bg5 Bxf3 17. Qxf3 Qb6 18. c4 e6 19. Qa3 d5 20. b3 Rc8 21. Rd1
Bd4 22. Bh4 Bc5 23. Qa1 dxc4 24. bxc4 Nc6 25. Qa6 Qxa6 26. Bxa6 Rb8 27. Kf1 Kg7
28. Bb5 Rb6 29. Bg3 Kf6 30. Rd7 Ne5 31. Bxe5+ Kxe5 32. Rxf7 h5 33. h4 Rb8 34.
g3 Rf8 35. f4+ Ke4 36. Bc6+ Kd4 37. Rxf8 Bxf8 38. Be8 e5 39. Bxg6 exf4 40. Bxh5
fxg3 41. Bf7 Ke5 42. Kg2 Kf6 43. Bd5 Bd6 44. Kh3 Kg6 45. Kg4 Kh6 46. Be4 Kg7
47. Bf3 Kh7 48. Kh5 Kg7 49. Be4 Bc5 50. Kg4 Bd6 51. Bg2 Kh7 52. Be4+ Kg7 53.
Bf3 Kh7 54. Kf5 Kg7 55. Ke6 Bc5 56. Kf5 Be7 57. Kg4 Bd6 58. Kf5 Be7 59. h5 Bc5
60. Kg5 Be3+ 61. Kg4 Bf2 62. Bg2 Kh6 63. Bf3 Kg7 64. Kf5 Kh6 65. Kg4 Kg7 66.
Kg5 Be3+ 67. Kf5 Kh6 1/2-1/2

[Event "Madrid-chT 2223"]
[Site "Madrid"]
[Date "2023.01.22"]
[Round "6.3"]
[White "Garrido Olivares, Ricard"]
[Black "Adan Bermudez, Sergio"]
[Result "1/2-1/2"]
[WhiteElo "2181"]
[BlackElo "2359"]
[PlyCount "117"]
[EventDate "2022.11.20"]
[EventType "team-tourn"]
[EventRounds "14"]
[EventCountry "ESP"]
[SourceTitle "Ajedrez en Madrid"]
[Source "lmi"]
[SourceDate "2022.11.21"]
[SourceVersion "1"]
[SourceVersionDate "2023.03.23"]
[SourceQuality "1"]
[WhiteTeam "San Fernando de Henares"]
[BlackTeam "Villalba 64"]
[WhiteTeamCountry "ESP"]
[BlackTeamCountry "ESP"]

1. Nf3 c5 2. e3 g6 3. d4 Bg7 4. dxc5 Qa5+ 5. Nbd2 Nf6 6. a3 Qxc5 7. b4 Qc7 8.
Bb2 O-O 9. c4 a5 10. Bd3 b6 11. O-O Bb7 12. Qb3 d6 13. Rac1 axb4 14. axb4 Nbd7
15. Nb1 Bxf3 16. gxf3 Qc6 17. Be2 Qa4 18. Nd2 Qxb3 19. Nxb3 Ra4 20. Bc3 Nh5 21.
Ra1 Rfa8 22. Rxa4 Rxa4 23. Ra1 Rxa1+ 24. Bxa1 Bxa1 25. Nxa1 Nhf6 26. Nc2 e5 27.
Kf1 Kg7 28. Ke1 Kh6 29. Na3 Kg5 30. Nb5 d5 31. Nd6 Kh4 32. Kf1 e4 33. cxd5 Nxd5
34. fxe4 Nxb4 35. Nxf7 Nc5 36. e5 Nd5 37. Kg2 h5 38. Bc4 Ne7 39. f4 Nf5 40. Kf3
Kh3 41. Nh8 Nh4+ 42. Ke2 Ne4 43. Bf7 g5 44. Bxh5 Kxh2 45. Bg6 Ng3+ 46. Kf2 g4
47. e6 Ngf5 48. Bxf5 g3+ 49. Ke2 Nxf5 50. Ng6 g2 51. e7 Nxe7 52. Nh4 g1=N+ 53.
Kd3 Kg3 54. f5 Kxh4 55. f6 Nc6 56. Kc4 Nf3 57. Kb5 Nce5 58. f7 Nxf7 59. Kxb6
1/2-1/2

[Event "Madrid-chT 2223"]
[Site "Madrid"]
[Date "2023.01.22"]
[Round "6.4"]
[White "Sanchez Gonzalez, Sergio"]
[Black "Jimenez Lopez, Antonio"]
[Result "0-1"]
[WhiteElo "2288"]
[BlackElo "2197"]
[PlyCount "116"]
[EventDate "2022.11.20"]
[EventType "team-tourn"]
[EventRounds "14"]
[EventCountry "ESP"]
[SourceTitle "Ajedrez en Madrid"]
[Source "lmi"]
[SourceDate "2022.11.21"]
[SourceVersion "1"]
[SourceVersionDate "2023.03.23"]
[SourceQuality "1"]
[WhiteTeam "Villalba 64"]
[BlackTeam "San Fernando de Henares"]
[WhiteTeamCountry "ESP"]
[BlackTeamCountry "ESP"]

1. Nf3 Nf6 2. b3 g6 3. Bb2 Bg7 4. e4 d6 5. Qe2 O-O 6. d4 c5 7. Nbd2 cxd4 8.
Nxd4 e5 9. N4f3 Qc7 10. c4 Nc6 11. g3 Ne8 12. Bg2 f5 13. O-O f4 14. Rad1 Qe7
15. h3 g5 16. Nh2 Rf6 17. Ndf3 Rg6 18. Qd2 Bf8 19. Rfe1 Be6 20. Bf1 h5 21. b4
Rc8 22. b5 Nd8 23. c5 Nf7 24. cxd6 Qxd6 25. Qe2 Qb8 26. Rc1 fxg3 27. fxg3 Bc5+
28. Kh1 Nf6 29. Bg2 b6 30. Rf1 Kg7 31. Ba1 Re8 32. Ne1 g4 33. h4 Rd8 34. Nc2
Ng8 35. Ne3 Ne7 36. Nf5+ Kf8 37. a4 Rf6 38. Ne3 Rxf1+ 39. Rxf1 Ke8 40. Bc3 Qd6
41. Rd1 Qc7 42. Nd5 Bxd5 43. exd5 Nf5 44. Qd3 Ne3 45. Rd2 Bd4 46. Bxd4 exd4 47.
Nf1 Nxg2 48. Qxd4 Nxh4 49. gxh4 Qe5 50. Qd3 Qf6 51. Ng3 Qxh4+ 52. Rh2 Qf6 53.
Rxh5 Rc8 54. Rf5 Qh4+ 55. Kg2 Qh3+ 56. Kf2 Qh2+ 57. Ke3 Qxg3+ 58. Kd4 Qg1+ 0-1

[Event "Madrid-chT 2223"]
[Site "Madrid"]
[Date "2023.01.22"]
[Round "6.5"]
[White "Gallego Bergada, Antoni"]
[Black "Perdomo Araujo, Angel Eduardo"]
[Result "1/2-1/2"]
[WhiteElo "2149"]
[BlackElo "2071"]
[PlyCount "42"]
[EventDate "2022.11.20"]
[EventType "team-tourn"]
[EventRounds "14"]
[EventCountry "ESP"]
[SourceTitle "Ajedrez en Madrid"]
[Source "lmi"]
[SourceDate "2022.11.21"]
[SourceVersion "1"]
[SourceVersionDate "2023.03.23"]
[SourceQuality "1"]
[WhiteTeam "San Fernando de Henares"]
[BlackTeam "Villalba 64"]
[WhiteTeamCountry "ESP"]
[BlackTeamCountry "ESP"]

1. e4 d5 2. exd5 Qxd5 3. Nc3 Qd6 4. d4 Nf6 5. Nf3 c6 6. Ne5 Nbd7 7. Nc4 Qc7 8.
Qf3 Nb6 9. Bf4 Qd8 10. Be5 Be6 11. Ne3 Nbd5 12. Nexd5 Nxd5 13. Bc4 f6 14. Bg3
Bf7 15. O-O Nxc3 16. Bxf7+ Kxf7 17. Qxc3 e6 18. Qb3 Qb6 19. Qxb6 axb6 20. Rfe1
Rd8 21. Rad1 Bd6 1/2-1/2

[Event "Madrid-chT 2223"]
[Site "Madrid"]
[Date "2023.01.22"]
[Round "6.6"]
[White "Suarez Triguero, Jose Alfonso"]
[Black "Nuñez Miranda, Adrian"]
[Result "0-1"]
[WhiteElo "2009"]
[BlackElo "2149"]
[PlyCount "106"]
[EventDate "2022.11.20"]
[EventType "team-tourn"]
[EventRounds "14"]
[EventCountry "ESP"]
[SourceTitle "Ajedrez en Madrid"]
[Source "lmi"]
[SourceDate "2022.11.21"]
[SourceVersion "1"]
[SourceVersionDate "2023.03.23"]
[SourceQuality "1"]
[WhiteTeam "Villalba 64"]
[BlackTeam "San Fernando de Henares"]
[WhiteTeamCountry "ESP"]
[BlackTeamCountry "ESP"]

1. e4 c5 2. c4 Nc6 3. Ne2 e5 4. Nbc3 d6 5. d3 g6 6. g3 h5 7. h4 Bg4 8. Bg2 Qd7
9. O-O Be7 10. Nd5 f6 11. Be3 Nh6 12. f3 Be6 13. Qd2 Nf7 14. f4 Bg4 15. fxe5
Nfxe5 16. Nec3 O-O-O 17. Nxe7+ Qxe7 18. Nd5 Qg7 19. Nxf6 Nb4 20. Nxg4 hxg4 21.
Bg5 Rdf8 22. Rxf8+ Qxf8 23. Rf1 Qe8 24. Bf6 Rg8 25. Bxe5 Qxe5 26. a3 Qd4+ 27.
Kh2 Nc6 28. Qf2 Ne5 29. Qxd4 cxd4 30. Rf6 Kd7 31. Bf1 Ke7 32. Rf2 g5 33. hxg5
Nf3+ 34. Kg2 Rh8 35. Rxf3 gxf3+ 36. Kxf3 Rf8+ 37. Ke2 Rg8 38. Bh3 Rxg5 39. Kf3
b5 40. cxb5 Rxb5 41. b4 Rb6 42. e5 dxe5 43. Ke4 Kd6 44. Bc8 Rc6 45. Bb7 Rc3 46.
Ba6 Rxa3 47. Bc4 Ra1 48. Kf3 Rb1 49. b5 Kc5 50. g4 Rf1+ 51. Ke2 Rb1 52. Kf3 Rd1
53. Ke4 Kd6 0-1

[Event "Madrid-chT 2223"]
[Site "Madrid"]
[Date "2023.01.28"]
[Round "7.1"]
[White "Moreno Trujillo, Alejandro"]
[Black "Candela Perez, Jose"]
[Result "1/2-1/2"]
[WhiteElo "2498"]
[BlackElo "2302"]
[PlyCount "129"]
[EventDate "2022.11.20"]
[EventType "team-tourn"]
[EventRounds "14"]
[EventCountry "ESP"]
[SourceTitle "Ajedrez en Madrid"]
[Source "lmi"]
[SourceDate "2022.11.21"]
[SourceVersion "1"]
[SourceVersionDate "2023.03.23"]
[SourceQuality "1"]
[WhiteTeam "Villalba 64"]
[BlackTeam "Alcala de Henares"]
[WhiteTeamCountry "ESP"]
[BlackTeamCountry "ESP"]

1. Nf3 d5 2. g3 c6 3. Bg2 Bf5 4. d3 Nf6 5. O-O e6 6. b3 h6 7. Bb2 Be7 8. Nc3
O-O 9. Qe1 Bh7 10. e4 a5 11. Nd2 Na6 12. Kh1 Nb4 13. Qc1 Qb6 14. a3 Na6 15. e5
Nd7 16. f4 f6 17. Nf3 fxe5 18. fxe5 Nc7 19. a4 Nc5 20. Ne2 N5a6 21. Nf4 c5 22.
Ba3 Nb4 23. Qd1 Nc6 24. Bh3 Bf5 25. Bxf5 Rxf5 26. Ng6 d4 27. Nxd4 cxd4 28. Bxe7
Kf7 29. Bd6 Kxg6 30. Qg4+ Kh7 31. Rxf5 exf5 32. Qxf5+ Kh8 33. Qf7 Ne8 34. Qf8+
Kh7 35. Qf5+ g6 36. Qf7+ Ng7 37. Rf1 Nd8 38. Qf3 Rc8 39. Rf2 Nf5 40. Ba3 Qc6
41. Qxc6 Rxc6 42. Bc1 h5 43. Kg2 Nf7 44. Bf4 g5 45. Bxg5 Nxg5 46. Rxf5 Rxc2+
47. Kf1 Kg6 48. Rf6+ Kg7 49. h4 Nf7 50. Rf5 Rc5 51. Rf4 Nxe5 52. Rxd4 Rc3 53.
Rd5 Kf6 54. Rxa5 Rxb3 55. d4 Nc6 56. Rxh5 Rxg3 57. Rb5 Nd8 58. a5 Ke7 59. h5
Kd7 60. h6 Rh3 61. a6 bxa6 62. Rb6 a5 63. Rb5 a4 64. Ra5 Rxh6 65. Rxa4 1/2-1/2

[Event "Madrid-chT 2223"]
[Site "Madrid"]
[Date "2023.01.28"]
[Round "7.2"]
[White "Fernandez Lledo, Javier"]
[Black "Soham, Das1"]
[Result "1/2-1/2"]
[WhiteElo "2277"]
[BlackElo "2351"]
[PlyCount "83"]
[EventDate "2022.11.20"]
[EventType "team-tourn"]
[EventRounds "14"]
[EventCountry "ESP"]
[SourceTitle "Ajedrez en Madrid"]
[Source "lmi"]
[SourceDate "2022.11.21"]
[SourceVersion "1"]
[SourceVersionDate "2023.03.23"]
[SourceQuality "1"]
[WhiteTeam "Alcala de Henares"]
[BlackTeam "Villalba 64"]
[WhiteTeamCountry "ESP"]
[BlackTeamCountry "ESP"]

1. e4 c6 2. d4 d5 3. exd5 cxd5 4. c4 Nf6 5. Nc3 Nc6 6. Nf3 Be6 7. c5 g6 8. Bb5
Bg7 9. Ne5 Bd7 10. Nxd7 Nxd7 11. Be3 O-O 12. Qa4 e5 13. dxe5 Ndxe5 14. O-O-O d4
15. Bxd4 Nd3+ 16. Rxd3 Nxd4 17. Rhd1 Qg5+ 18. f4 Qxf4+ 19. Kb1 Ne6 20. Qxf4
Nxf4 21. Rf3 Ne6 22. Bc4 Nxc5 23. Rdf1 Bxc3 24. Rxf7 Rxf7 25. Bxf7+ Kg7 26.
bxc3 Ne4 27. Kc2 Rd8 28. Bb3 Rd2+ 29. Kc1 Rd7 30. Rf3 Nc5 31. Re3 Kf6 32. Bc4
Re7 33. Rxe7 Kxe7 34. Kd2 Kd6 35. Bg8 h6 36. Ke3 Ke5 37. Bh7 g5 38. Bc2 Nd7 39.
Bd1 Nc5 40. Bc2 Kd5 41. Bh7 Kc4 42. Kd2 1/2-1/2

[Event "Madrid-chT 2223"]
[Site "Madrid"]
[Date "2023.01.28"]
[Round "7.3"]
[White "Guerrero Vargas, Andres Jesus"]
[Black "Medina Diaz, Rafael Alejandro"]
[Result "0-1"]
[WhiteElo "2336"]
[BlackElo "2246"]
[PlyCount "70"]
[EventDate "2022.11.20"]
[EventType "team-tourn"]
[EventRounds "14"]
[EventCountry "ESP"]
[SourceTitle "Ajedrez en Madrid"]
[Source "lmi"]
[SourceDate "2022.11.21"]
[SourceVersion "1"]
[SourceVersionDate "2023.03.23"]
[SourceQuality "1"]
[WhiteTeam "Villalba 64"]
[BlackTeam "Alcala de Henares"]
[WhiteTeamCountry "ESP"]
[BlackTeamCountry "ESP"]

1. Nf3 c5 2. c4 Nf6 3. Nc3 d5 4. cxd5 Nxd5 5. g3 Nc6 6. Bg2 Nc7 7. O-O e5 8. a3
f6 9. Ne1 Be6 10. Qa4 Qd7 11. b4 Nd4 12. Qxd7+ Kxd7 13. bxc5 Bxc5 14. Nd3 Bd6
15. Rb1 Bc4 16. Rxb7 Nxe2+ 17. Nxe2 Bxd3 18. Re1 Rhb8 19. Nc3 Rxb7 20. Bxb7 Rb8
21. Be4 Bxe4 22. Rxe4 Nb5 23. Kg2 Nd4 24. Rg4 g5 25. Re4 h5 26. Re1 Ke6 27. a4
a5 28. Ne4 Be7 29. f4 Nc2 30. Rf1 Rb4 31. d3 gxf4 32. gxf4 Rxa4 33. Rf2 Ne1+
34. Kh3 Nxd3 35. f5+ Kf7 0-1

[Event "Madrid-chT 2223"]
[Site "Madrid"]
[Date "2023.01.28"]
[Round "7.5"]
[White "Perdomo Araujo, Angel Eduardo"]
[Black "Yañez Rodriguez, Wilbert"]
[Result "0-1"]
[WhiteElo "2071"]
[BlackElo "2103"]
[PlyCount "36"]
[EventDate "2022.11.20"]
[EventType "team-tourn"]
[EventRounds "14"]
[EventCountry "ESP"]
[SourceTitle "Ajedrez en Madrid"]
[Source "lmi"]
[SourceDate "2022.11.21"]
[SourceVersion "1"]
[SourceVersionDate "2023.03.23"]
[SourceQuality "1"]
[WhiteTeam "Villalba 64"]
[BlackTeam "Alcala de Henares"]
[WhiteTeamCountry "ESP"]
[BlackTeamCountry "ESP"]

1. e4 c5 2. Nf3 g6 3. d4 cxd4 4. Nxd4 Nc6 5. c4 Nf6 6. Nc3 Nxd4 7. Qxd4 d6 8.
Bg5 Bg7 9. c5 O-O 10. cxd6 exd6 11. O-O-O Be6 12. Bc4 Bxc4 13. Qxc4 Qa5 14.
Bxf6 Bxf6 15. Rd5 Qb6 16. f3 Rac8 17. Qb5 Bxc3 18. Qxb6 Ba5+ 0-1

[Event "Madrid-chT 2223"]
[Site "Madrid"]
[Date "2023.01.28"]
[Round "7.6"]
[White "Candela Martin, Alvaro"]
[Black "Suarez Paz, Alfonso"]
[Result "1-0"]
[WhiteElo "1932"]
[BlackElo "1787"]
[PlyCount "51"]
[EventDate "2022.11.20"]
[EventType "team-tourn"]
[EventRounds "14"]
[EventCountry "ESP"]
[SourceTitle "Ajedrez en Madrid"]
[Source "lmi"]
[SourceDate "2022.11.21"]
[SourceVersion "1"]
[SourceVersionDate "2023.03.23"]
[SourceQuality "1"]
[WhiteTeam "Alcala de Henares"]
[BlackTeam "Villalba 64"]
[WhiteTeamCountry "ESP"]
[BlackTeamCountry "ESP"]

1. e4 d6 2. d4 Nf6 3. Nc3 g6 4. h3 Bg7 5. g4 Nc6 6. Bg2 e5 7. Nge2 exd4 8. Nxd4
Bd7 9. Be3 Qe7 10. O-O O-O 11. f4 Nxd4 12. Bxd4 c5 13. Be3 Bc6 14. Re1 Qc7 15.
Qd3 Rad8 16. Rad1 a6 17. f5 gxf5 18. gxf5 h6 19. Bf4 Ne8 20. Qg3 Kh7 21. Qh4 f6
22. Be3 Rg8 23. Ne2 Bf8 24. Rd2 d5 25. Nf4 d4 26. Ne6 1-0

[Event "Madrid-chT 2223"]
[Site "Madrid"]
[Date "2023.01.29"]
[Round "7.1"]
[White "Almagro Llamas, Pablo"]
[Black "Plazuelo Pascual, Juan"]
[Result "1/2-1/2"]
[WhiteElo "2410"]
[BlackElo "2456"]
[PlyCount "44"]
[EventDate "2022.11.20"]
[EventType "team-tourn"]
[EventRounds "14"]
[EventCountry "ESP"]
[SourceTitle "Ajedrez en Madrid"]
[Source "lmi"]
[SourceDate "2022.11.21"]
[SourceVersion "1"]
[SourceVersionDate "2023.03.23"]
[SourceQuality "1"]
[WhiteTeam "Virgen de Atocha"]
[BlackTeam "Alcorcon Diagonal"]
[WhiteTeamCountry "ESP"]
[BlackTeamCountry "ESP"]

1. d4 d5 2. Nf3 Nf6 3. c4 e6 4. Nc3 Be7 5. Bg5 h6 6. Bh4 dxc4 7. e3 c5 8. Bxc4
cxd4 9. Nxd4 O-O 10. O-O Bd7 11. Qe2 Nc6 12. Rad1 Qb6 13. Nxc6 Bxc6 14. e4 Rfe8
15. e5 Nd7 16. Bxe7 Rxe7 17. Kh1 Nf8 18. Bb5 Rd7 19. Rxd7 Nxd7 20. Bxc6 Qxc6
21. Rd1 Nb6 22. f4 Rc8 1/2-1/2

[Event "Madrid-chT 2223"]
[Site "Madrid"]
[Date "2023.01.29"]
[Round "7.3"]
[White "Fernandez de Bobadilla, Gabriel"]
[Black "Cubas Cabrera, Angel Luis"]
[Result "0-1"]
[WhiteElo "2155"]
[BlackElo "2199"]
[PlyCount "68"]
[EventDate "2022.11.20"]
[EventType "team-tourn"]
[EventRounds "14"]
[EventCountry "ESP"]
[SourceTitle "Ajedrez en Madrid"]
[Source "lmi"]
[SourceDate "2022.11.21"]
[SourceVersion "1"]
[SourceVersionDate "2023.03.23"]
[SourceQuality "1"]
[WhiteTeam "Virgen de Atocha"]
[BlackTeam "Alcorcon Diagonal"]
[WhiteTeamCountry "ESP"]
[BlackTeamCountry "ESP"]

1. d4 Nf6 2. c4 e6 3. Nc3 Bb4 4. Qc2 b6 5. a3 Bxc3+ 6. Qxc3 Bb7 7. Nf3 d6 8. g3
Nbd7 9. Bg2 Ne4 10. Qc2 f5 11. b3 Qe7 12. Bb2 O-O 13. O-O c5 14. Rad1 cxd4 15.
Nxd4 a6 16. e3 Rac8 17. Qb1 g6 18. Rfe1 Rfd8 19. f3 Nef6 20. e4 fxe4 21. Bh3 e5
22. Ne6 exf3 23. Nxd8 Rxd8 24. Qd3 Nc5 25. Qe3 Nfe4 26. Kf1 Ne6 27. Bg4 N6g5
28. h4 Nxg3+ 29. Kg1 Nh3+ 30. Bxh3 Qxh4 31. Rd2 Qxh3 32. Rh2 Qg4 33. Kf2 Ne4+
34. Kf1 f2 0-1

[Event "Madrid-chT 2223"]
[Site "Madrid"]
[Date "2023.01.29"]
[Round "7.4"]
[White "Horcajuelo Rocamora, Martin"]
[Black "Horcajada Reales, Guillermo"]
[Result "0-1"]
[WhiteElo "2075"]
[BlackElo "2081"]
[PlyCount "88"]
[EventDate "2022.11.20"]
[EventType "team-tourn"]
[EventRounds "14"]
[EventCountry "ESP"]
[SourceTitle "Ajedrez en Madrid"]
[Source "lmi"]
[SourceDate "2022.11.21"]
[SourceVersion "1"]
[SourceVersionDate "2023.03.23"]
[SourceQuality "1"]
[WhiteTeam "Alcorcon Diagonal"]
[BlackTeam "Virgen de Atocha"]
[WhiteTeamCountry "ESP"]
[BlackTeamCountry "ESP"]

1. e4 Nf6 2. e5 Nd5 3. d4 d6 4. c4 Nb6 5. exd6 cxd6 6. Nc3 g6 7. h3 Bg7 8. Be2
O-O 9. Nf3 Nc6 10. O-O e5 11. Bg5 f6 12. Be3 Re8 13. dxe5 dxe5 14. c5 Nd7 15.
Bc4+ Kh8 16. Nb5 e4 17. Nd6 Re7 18. Nd4 Nde5 19. Nxc6 bxc6 20. Bf4 Qf8 21. Bxe5
fxe5 22. Qa4 Bd7 23. Rad1 Qf4 24. Rde1 Rf8 25. Rxe4 Qf6 26. Re2 e4 27. Qb3 Qf4
28. Qe3 Qh4 29. Rd1 Be5 30. b4 Bg4 31. Qxe4 Rf4 32. g3 Rxe4 33. Rxe4 Qxh3 34.
Bf1 Qh6 35. Rde1 Bf3 36. Rh4 Qg5 37. Ne4 Qf5 38. Bh3 Qf8 39. Ng5 Bf6 40. Rxe7
Qxe7 41. Nxf3 Bxh4 42. gxh4 Qe4 43. Bg2 Qxb4 44. Ne5 Qe1+ 0-1

[Event "Madrid-chT 2223"]
[Site "Madrid"]
[Date "2023.01.29"]
[Round "7.5"]
[White "Yanes Crespo, Javier"]
[Black "Aguilera Lopez, Alejandro"]
[Result "1-0"]
[WhiteElo "1971"]
[BlackElo "2211"]
[PlyCount "65"]
[EventDate "2022.11.20"]
[EventType "team-tourn"]
[EventRounds "14"]
[EventCountry "ESP"]
[SourceTitle "Ajedrez en Madrid"]
[Source "lmi"]
[SourceDate "2022.11.21"]
[SourceVersion "1"]
[SourceVersionDate "2023.03.23"]
[SourceQuality "1"]
[WhiteTeam "Virgen de Atocha"]
[BlackTeam "Alcorcon Diagonal"]
[WhiteTeamCountry "ESP"]
[BlackTeamCountry "ESP"]

1. e4 c5 2. Nf3 e6 3. d4 cxd4 4. Nxd4 a6 5. Nc3 Bb4 6. Bd3 Bxc3+ 7. bxc3 Qc7 8.
c4 Nf6 9. O-O d6 10. Be3 Nbd7 11. Rb1 O-O 12. Qe2 b6 13. f3 Nc5 14. Rb4 e5 15.
Nf5 Bxf5 16. exf5 Rfe8 17. Be4 Rac8 18. Rfb1 Nfxe4 19. fxe4 Nxe4 20. Bxb6 Qc6
21. Qe3 h6 22. a4 Nc5 23. a5 e4 24. f6 Re5 25. fxg7 Kxg7 26. Rf1 Ne6 27. Qf2 f5
28. Be3 Rf8 29. Rb6 Qxc4 30. Qg3+ Kh7 31. Rxd6 f4 32. Rd7+ Kh8 33. Qg6 1-0

[Event "Madrid-chT 2223"]
[Site "Madrid"]
[Date "2023.01.29"]
[Round "7.6"]
[White "Rey Martinez, Jaime"]
[Black "Recuenco Andres, Javier"]
[Result "1-0"]
[WhiteElo "2251"]
[BlackElo "1927"]
[PlyCount "80"]
[EventDate "2022.11.20"]
[EventType "team-tourn"]
[EventRounds "14"]
[EventCountry "ESP"]
[SourceTitle "Ajedrez en Madrid"]
[Source "lmi"]
[SourceDate "2022.11.21"]
[SourceVersion "1"]
[SourceVersionDate "2023.03.23"]
[SourceQuality "1"]
[WhiteTeam "Alcorcon Diagonal"]
[BlackTeam "Virgen de Atocha"]
[WhiteTeamCountry "ESP"]
[BlackTeamCountry "ESP"]

1. e4 d5 2. exd5 Nf6 3. d4 Qxd5 4. c4 Qe4+ 5. Be2 Bf5 6. Qa4+ Nbd7 7. Nc3 Qc2
8. Qa5 b6 9. Qb5 e6 10. Nf3 Bd6 11. O-O O-O 12. Ne1 a6 13. Qc6 Be4 14. Qxa8
Rxa8 15. Nxc2 Bxc2 16. Be3 c5 17. Rac1 Bg6 18. Rfd1 cxd4 19. Bxd4 Bf4 20. Be3
Bxe3 21. fxe3 Rc8 22. Rd6 Rc7 23. Rcd1 h5 24. a4 Kf8 25. a5 bxa5 26. Rxa6 Rc5
27. Ra1 Re5 28. R1xa5 Rxe3 29. Kf2 Re5 30. b4 Ne4+ 31. Nxe4 Rxe4 32. Bd3 Rf4+
33. Ke3 e5 34. Bxg6 fxg6 35. c5 Rxb4 36. c6 Nb6 37. c7 Nc4+ 38. Kd3 Nb2+ 39.
Kc3 Rc4+ 40. Kxb2 Rxc7 1-0

[Event "Madrid-chT 2223"]
[Site "Madrid"]
[Date "2023.01.28"]
[Round "7.1"]
[White "Martinez Reyes, Pedro Ramon"]
[Black "Garcia Luengo, Leandro"]
[Result "1/2-1/2"]
[WhiteElo "2384"]
[BlackElo "2278"]
[PlyCount "130"]
[EventDate "2022.11.20"]
[EventType "team-tourn"]
[EventRounds "14"]
[EventCountry "ESP"]
[SourceTitle "Ajedrez en Madrid"]
[Source "lmi"]
[SourceDate "2022.11.21"]
[SourceVersion "1"]
[SourceVersionDate "2023.03.23"]
[SourceQuality "1"]
[WhiteTeam "Blanco y Negro"]
[BlackTeam "San Fernando de Henares"]
[WhiteTeamCountry "ESP"]
[BlackTeamCountry "ESP"]

1. e4 c5 2. Nf3 Nc6 3. d4 cxd4 4. Nxd4 g6 5. c4 Nf6 6. Nc3 Nxd4 7. Qxd4 d6 8.
c5 Bg7 9. Bb5+ Bd7 10. Bxd7+ Qxd7 11. cxd6 O-O 12. Bg5 Ne8 13. Qd5 Nxd6 14. e5
Qf5 15. Bxe7 Bxe5 16. O-O Rfe8 17. Bxd6 Rad8 18. Qxb7 Rxd6 19. Qxa7 Rd2 20.
Rae1 Kg7 21. Nb5 Bxh2+ 22. Kxh2 Qxb5 23. Rxe8 Qxe8 24. b4 Qe2 25. Kg1 Rd1 26.
Rxd1 Qxd1+ 27. Kh2 Qd6+ 28. g3 Qxb4 29. a4 h5 30. a5 h4 31. a6 hxg3+ 32. Kxg3
Qd6+ 33. Kf3 Qd1+ 34. Ke4 Qe2+ 35. Kd5 Qf3+ 36. Kc4 Qe2+ 37. Kd5 Qf3+ 38. Kd6
Qf6+ 39. Kc7 Qe7+ 40. Kb6 Qd6+ 41. Kb5 Qd3+ 42. Kb4 Qd2+ 43. Kc4 Qe2+ 44. Kc3
Qe1+ 45. Kd3 Qd1+ 46. Ke3 Qb3+ 47. Kf4 Qc4+ 48. Kg3 Qd3+ 49. f3 Qd6+ 50. Kh3
Qe6+ 51. Kg3 Qe5+ 52. Kf2 Qb2+ 53. Kg3 Qe5+ 54. Kh3 Qe6+ 55. Kg2 Qe2+ 56. Kg3
Qe5+ 57. f4 Qc3+ 58. Kg2 Qc2+ 59. Kg3 Qd3+ 60. Kh4 Qd8+ 61. Kg4 Qd1+ 62. Kg3
Qd3+ 63. Kg2 Qe2+ 64. Kg1 Qe1+ 65. Kg2 Qe2+ 1/2-1/2